Current pediatric diagnosis & treatment/ (Record no. 121061)

MARC details
000 -LEADER
fixed length control field 01192nam a2200349 a 4500
008 - FIXED-LENGTH DATA ELEMENTS--GENERAL INFORMATION
fixed length control field
020 ## - INTERNATIONAL STANDARD BOOK NUMBER
International Standard Book Number 9780071163248 (paperback)
040 ## - CATALOGING SOURCE
Original cataloging agency NUST
Transcribing agency NUST
049 ## - LOCAL HOLDINGS (OCLC)
Holding library MAIN
090 ## - LOCALLY ASSIGNED LC-TYPE CALL NUMBER (OCLC); LOCAL CALL NUMBER (RLIN)
Classification number (OCLC) (R) ; Classification number, CALL (RLIN) (NR) RJ50
Local cutter number (OCLC) ; Book number/undivided call number, CALL (RLIN) CUR
003 - CONTROL NUMBER IDENTIFIER
control field
005 - DATE AND TIME OF LATEST TRANSACTION
control field 20230120204321.0
245 10 - TITLE STATEMENT
Title Current pediatric diagnosis & treatment/
Statement of responsibility, etc. William W Hay ; Anthony R Hayward ; Myron J Levin & Judith M Sondheimer.
250 ## - EDITION STATEMENT
Edition statement Fifteenth edition.
260 ## - PUBLICATION, DISTRIBUTION, ETC.
Place of publication, distribution, etc. United States of America :
Name of publisher, distributor, etc. McGraw-Hill,
Date of publication, distribution, etc. 1999.
300 ## - PHYSICAL DESCRIPTION
Extent xviii, 1251 pages :
Other physical details illustrations ;
Dimensions 26 cm.
336 ## - CONTENT TYPE
Content type term text
Content type code txt
Source rdacontent
337 ## - MEDIA TYPE
Media type term unmediated
Media type code n
Source rdamedia
338 ## - CARRIER TYPE
Carrier type term volume
Carrier type code nc
Source rdacarrier
500 ## - GENERAL NOTE
General note Includes index.
504 ## - BIBLIOGRAPHY, ETC. NOTE
Bibliography, etc. note Includes bibliographical references.
650 #1 - SUBJECT ADDED ENTRY--TOPICAL TERM
Topical term or geographic name entry element Children
General subdivision Diseases
Form subdivision Treatment.
650 ## - SUBJECT ADDED ENTRY--TOPICAL TERM
Topical term or geographic name entry element Children
General subdivision Diseases
Form subdivision Diagnosis.
650 ## - SUBJECT ADDED ENTRY--TOPICAL TERM
Topical term or geographic name entry element Pediatrics.
650 ## - SUBJECT ADDED ENTRY--TOPICAL TERM
Topical term or geographic name entry element Children
General subdivision Health and hygiene.
700 ## - ADDED ENTRY--PERSONAL NAME
Personal name Hay, William W.,
-- author.
700 ## - ADDED ENTRY--PERSONAL NAME
Personal name Hayward, Anthony R.,
-- author.
700 ## - ADDED ENTRY--PERSONAL NAME
Personal name Levin, Myron J.,
-- author.
700 ## - ADDED ENTRY--PERSONAL NAME
Personal name Sondheimer, Judith M.,
-- author.
907 ## - LOCAL DATA ELEMENT G, LDG (RLIN)
a .b10410430
b 04-10-21
c 04-10-21
942 ## - ADDED ENTRY ELEMENTS (KOHA)
Koha item type Ordinary Loan Books
Call number prefix RJ50
Call number suffix CUR
Holdings
Date last seen Total Checkouts Full call number Barcode Cost, replacement price Price effective from Koha item type Lost status Source of classification or shelving scheme Damaged status Not for loan Collection Withdrawn status Home library Current library Shelving location Date acquired Cost, normal purchase price
01/20/2023   RJ50 CUR 92004048091 80.00 01/20/2023 BOOKS   LCC     NFIC   MEDICAL MEDICAL GEN 01/20/2023 80.00